[Event "URU-ch 92nd"]
[Site "Montevideo"]
[Date "2022.04.13"]
[Round "6"]
[White "Palacio, Enzo"]
[Black "Rodi, Luis Ernesto"]
[Result "0-1"]
[WhiteElo "1959"]
[BlackElo "2348"]
[PlyCount "200"]
[EventDate "2022.04.08"]
[EventType "tourn"]
[EventRounds "11"]
[EventCountry "URU"]
[EventCategory "1"]
[SourceTitle "CBM 207 Extra"]
[Source "ChessBase"]
[SourceDate "2022.05.31"]
[SourceVersion "1"]
[SourceVersionDate "2022.05.31"]
[SourceQuality "1"]

1. e4 c6 2. d4 d5 3. Nc3 dxe4 4. Nxe4 Nf6 5. Nxf6+ exf6 6. c3 Bd6 7. Bd3 0-0 8. Qc2 Re8+ 9. Ne2 h5 10. 0-0 h4 11. h3 Nd7 12. Be3 Nf8 13. Qd2 Ne6 14. f4 Qe7 15. Rf3 c5 16. d5 Nc7 17. c4 f5 18. Bf2 Qf6 19. Rb1 Bd7 20. Qe1 Be7 21. Re3 b6 22. Kh1 Qh6 23. Qd2 Bd6 24. Rf1 Rxe3 25. Bxe3 Ne8 26. Ng1 Nf6 27. Nf3 Nh5 28. Rf2 f6 29. Ng1 Ng3+ 30. Kh2 Re8 31. Ne2 Qg6 32. Rf3 Ne4 33. Bxe4 fxe4 34. Rf1 f5 35. Kh1 Qh5 36. b3 Kh7 37. Qe1 Be7 38. Qd2 Qh6 39. a4 a5 40. Rf2 Rg8 41. Rf1 Be8 42. Qc2 Bf6 43. Rf2 g6 44. Qd2 Qg7 45. Rf1 Bd7 46. Rf2 Qe7 47. Rf1 Re8 48. Rf2 Qd6 49. Kg1 Kg7 50. Rf1 Kf7 51. Kf2 Rg8 52. Kg1 Ke8 53. Kh1 Kd8 54. Nc3 Kc8 55. Ne2 Bd8 56. Kg1 Kb7 57. Rf2 Bc7 58. Kf1 Rf8 59. Ke1 Qf6 60. Qc3 Qxc3+ 61. Nxc3 g5 62. Ne2 g4 63. Rf1 Bd8 64. Kf2 Rg8 65. Rh1 Bf6 66. Kf1 Be8 67. Bf2 Rh8 68. Ke1 Bh5 69. Kd2 Kc7 70. Ke3 Bg6 71. Be1 Rh7 72. Rh2 Bh5 73. Rh1 gxh3 74. Rxh3 Rg7 75. g3 Bg4 76. Rh2 Bxe2 77. Kxe2 hxg3 78. Rg2 Bh4 79. Kf1 Rg4 80. Bd2 Bf6 81. Ke2 Kd7 82. Be1 Bh4 83. Ke3 Ke7 84. Bc3 Rg6 85. Ke2 Kf7 86. Kf1 Rg4 87. Be5 Bf6 88. Bc7 Bd4 89. d6 Ke6 90. Ke2 Bf2 91. Bb8 Kd7 92. Bc7 Rxf4 93. Bxb6 Rf3 94. Bxa5 Rxb3 95. Bd2 e3 96. Be1 Bxe1 97. Kxe1 Rb1+ 98. Ke2 Rb2+ 99. Kf1 Rxg2 100. Kxg2 e2 0-1

[Event "Montevideo Trebejos op 03"]
[Site "Montevideo"]
[Date "2022.03.18"]
[Round "4"]
[White "Montoli, Sebastian"]
[Black "Palacio, Enzo"]
[Result "1/2-1/2"]
[WhiteElo "1858"]
[BlackElo "1891"]
[PlyCount "30"]
[EventDate "2022.03.07"]
[EventType "swiss"]
[EventRounds "6"]
[EventCountry "URU"]
[SourceTitle "EXT 2023"]
[Source "ChessBase"]
[SourceDate "2022.10.05"]
[SourceVersion "1"]
[SourceVersionDate "2022.10.05"]
[SourceQuality "1"]

1. b3 e5 2. Bb2 Nc6 3. e3 Nf6 4. Bb5 Qe7 5. Ne2 g6 6. f4 exf4 7. Nxf4 Bg7 8. Nc3 Ne4 9. 0-0 Nxc3 10. Bxc3 Bxc3 11. Nd5 Qe5 12. Nxc3 0-0 13. Rf4 a6 14. Bc4 Na5 15. Bd3 d5 1/2-1/2

[Event "URU-ch sf"]
[Site "Montevideo"]
[Date "2020.02.25"]
[Round "8"]
[White "Salguero, Rafael"]
[Black "Palacio, Enzo"]
[Result "1-0"]
[WhiteElo "1906"]
[BlackElo "1869"]
[PlyCount "77"]
[EventDate "2020.02.21"]
[EventType "swiss"]
[EventRounds "8"]
[EventCountry "URU"]
[SourceTitle "CBM 195 Extra"]
[Source "ChessBase"]
[SourceDate "2020.05.31"]
[SourceVersion "1"]
[SourceVersionDate "2020.05.31"]
[SourceQuality "1"]

1. d4 Nf6 2. c4 g6 3. Nc3 Bg7 4. e4 d6 5. Be2 0-0 6. Nf3 e5 7. d5 a5 8. Bg5 h6 9. Bh4 Na6 10. 0-0 Qe8 11. b3 Nh7 12. Nd2 h5 13. f3 Bh6 14. a3 Bd7 15. Rb1 f5 16. b4 axb4 17. axb4 Nf6 18. Bf2 Qe7 19. c5 c6 20. cxd6 Qd8 21. Nc4 Re8 22. Nb6 Rb8 23. dxc6 Bxc6 24. b5 Bxb5 25. Bxb5 Rf8 26. d7 fxe4 27. Nxe4 Kh7 28. Nxf6+ Rxf6 29. Nc4 Qc7 30. Nxe5 Bf4 31. Bg3 Bxg3 32. hxg3 Rd8 33. f4 Qc5+ 34. Kh2 h4 35. Qg4 hxg3+ 36. Kxg3 Kg7 37. Bd3 Rg8 38. Rxb7 Qe3+ 39. Qf3 1-0

[Event "Montevideo Trebejos Grand Prix"]
[Site "Montevideo"]
[Date "2020.02.03"]
[Round "5"]
[White "Carbone, Diego"]
[Black "Palacio, Enzo"]
[Result "1-0"]
[WhiteElo "2239"]
[BlackElo "1869"]
[PlyCount "75"]
[EventDate "2020.01.20"]
[EventType "swiss"]
[EventRounds "5"]
[EventCountry "URU"]
[SourceTitle "CBM 195 Extra"]
[Source "ChessBase"]
[SourceDate "2020.05.31"]
[SourceVersion "1"]
[SourceVersionDate "2020.05.31"]
[SourceQuality "1"]

1. d4 Nf6 2. c4 g6 3. g3 Bg7 4. Bg2 d6 5. Nc3 0-0 6. Nf3 c6 7. 0-0 Bf5 8. Ne1 d5 9. Qb3 Qb6 10. cxd5 cxd5 11. Nxd5 Nxd5 12. Bxd5 Qxb3 13. axb3 Nc6 14. e3 Rfd8 15. Bg2 e5 16. d5 Nb4 17. e4 Bd7 18. Bd2 Bf8 19. Nf3 f6 20. Rfc1 Na6 21. Be3 Rdc8 22. Bf1 Nc5 23. Nd2 f5 24. f3 fxe4 25. fxe4 Kg7 26. Kg2 Be7 27. b4 Na6 28. Rxc8 Rxc8 29. Bxa6 bxa6 30. Rxa6 Bxb4 31. Rxa7 Bxd2 32. Rxd7+ Kg8 33. Bxd2 Rc2 34. Re7 Rxd2+ 35. Kh3 Rxb2 36. d6 Rb8 37. d7 Kf8 38. Rxh7 1-0

[Event "Montevideo Nazzari Cup"]
[Site "Montevideo"]
[Date "2019.10.18"]
[Round "5"]
[White "Carvalho, Guillermo"]
[Black "Palacio, Enzo"]
[Result "1-0"]
[WhiteElo "2183"]
[BlackElo "1780"]
[PlyCount "49"]
[EventDate "2019.10.14"]
[EventType "swiss"]
[EventRounds "7"]
[EventCountry "URU"]
[SourceTitle "CBM 192 Extra"]
[Source "Chessbase"]
[SourceDate "2019.11.06"]
[SourceVersion "1"]
[SourceVersionDate "2019.11.06"]
[SourceQuality "1"]

1. d4 Nf6 2. Nf3 g6 3. g3 Bg7 4. Bg2 0-0 5. 0-0 d6 6. b3 Nbd7 7. Bb2 c6 8. Nbd2 Re8 9. Re1 a5 10. a4 Qc7 11. e4 e5 12. dxe5 Nxe5 13. Nxe5 dxe5 14. Nc4 Bf8 15. Qf3 Kg7 16. h3 b5 17. Ne3 Bb4 18. Red1 Be6 19. Bf1 Red8 20. axb5 cxb5 21. Bxb5 Bc5 22. Nd5 Rxd5 23. exd5 Bxh3 24. d6 Qb6 25. Bxe5 1-0

[Event "Montevideo Nazzari Cup"]
[Site "Montevideo"]
[Date "2019.10.14"]
[Round "1"]
[White "Palacio, Enzo"]
[Black "Dominguez, Facundo"]
[Result "0-1"]
[WhiteElo "1780"]
[BlackElo "2130"]
[PlyCount "74"]
[EventDate "2019.10.14"]
[EventType "swiss"]
[EventRounds "7"]
[EventCountry "URU"]
[SourceTitle "CBM 192 Extra"]
[Source "Chessbase"]
[SourceDate "2019.11.06"]
[SourceVersion "1"]
[SourceVersionDate "2019.11.06"]
[SourceQuality "1"]

1. e4 e6 2. d4 d5 3. Nd2 Nc6 4. Ngf3 Nf6 5. e5 Nd7 6. c3 f6 7. exf6 Qxf6 8. Bd3 Bd6 9. 0-0 0-0 10. Bb5 a6 11. Bxc6 bxc6 12. Re1 e5 13. dxe5 Nxe5 14. Nxe5 Bxe5 15. Qe2 Re8 16. Kh1 Bd7 17. Qf3 Bxc3 18. Rd1 Bxb2 19. Bxb2 Qxb2 20. h3 Qf6 21. Rac1 Rab8 22. Kg1 Rb2 23. a4 Qxf3 24. Nxf3 Ree2 25. Rf1 Re4 26. Rfe1 Rxe1+ 27. Rxe1 Kf8 28. Ne5 Be8 29. Rc1 Ke7 30. Nxc6+ Kd6 31. Nd4 Bd7 32. a5 c5 33. Nf3 d4 34. Ng5 Kd5 35. Nxh7 d3 36. Ng5 d2 37. Ra1 Ba4 0-1

[Event "Montevideo Trebejos Primavera op"]
[Site "Montevideo"]
[Date "2019.09.16"]
[Round "3"]
[White "Palacio, Enzo"]
[Black "Ramos Correa, Gabriel"]
[Result "1-0"]
[WhiteElo "1780"]
[BlackElo "1889"]
[PlyCount "103"]
[EventDate "2019.09.09"]
[EventType "swiss"]
[EventRounds "6"]
[EventCountry "URU"]
[SourceTitle "CBM 195 Extra"]
[Source "ChessBase"]
[SourceDate "2020.05.31"]
[SourceVersion "1"]
[SourceVersionDate "2020.05.31"]
[SourceQuality "1"]

1. e4 c5 2. Nf3 d6 3. d4 cxd4 4. Nxd4 Nf6 5. Nc3 a6 6. Be3 Ng4 7. Bg5 h6 8. Bh4 g5 9. Bg3 Bg7 10. Be2 h5 11. h4 gxh4 12. Rxh4 Nc6 13. Nf5 Bxf5 14. exf5 Qa5 15. Qd2 Rc8 16. Nd5 Qxd2+ 17. Kxd2 Nd4 18. Bxg4 hxg4 19. f6 exf6 20. Rxg4 Nf5 21. Re1+ Kf8 22. Nb6 Rd8 23. Nd5 Nxg3 24. Rxg3 Rh5 25. Rd3 Re5 26. f4 Rxe1 27. Kxe1 f5 28. c3 Re8+ 29. Kf2 Re4 30. g3 Ke8 31. Ne3 Kd7 32. Nxf5 Bf8 33. Ne3 Kc6 34. Kf3 Re6 35. a3 Rh6 36. Rd2 Rh1 37. Kg4 Re1 38. Ng2 Rg1 39. Nh4 Kc5 40. Nf3 Rh1 41. Ng5 d5 42. Nxf7 Rh7 43. Ng5 Re7 44. Nf3 Bg7 45. Nd4 Bxd4 46. Rxd4 Re2 47. b4+ Kc6 48. f5 b5 49. f6 Kd6 50. Rf4 Re8 51. f7 Rf8 52. Kf3 1-0

[Event "Punta del Este Interdepartamental"]
[Site "Punta del Este"]
[Date "2019.08.24"]
[Round "3.1"]
[White "Palacio, Enzo"]
[Black "Michailov, Matias"]
[Result "0-1"]
[WhiteElo "1755"]
[BlackElo "2257"]
[PlyCount "58"]
[EventDate "2019.08.23"]
[EventType "team-swiss"]
[EventRounds "5"]
[EventCountry "URU"]
[SourceTitle "EXT 2020"]
[Source "ChessBase"]
[SourceDate "2019.10.17"]
[SourceVersion "1"]
[SourceVersionDate "2019.10.17"]
[SourceQuality "1"]
[WhiteTeam "Montevideo CL"]
[BlackTeam "Paysandu"]
[WhiteTeamCountry "URU"]
[BlackTeamCountry "URU"]

1. e4 c5 2. Nf3 d6 3. d4 cxd4 4. Nxd4 Nf6 5. Nc3 g6 6. Be3 Bg7 7. f3 0-0 8. Qd2 Nc6 9. 0-0-0 d5 10. exd5 Nxd5 11. Nxc6 bxc6 12. Bd4 e5 13. Bc5 Be6 14. Ne4 Re8 15. c4 Nb6 16. Qxd8 Raxd8 17. b3 Bh6+ 18. Kc2 Rxd1 19. Kxd1 Rd8+ 20. Kc2 f5 21. Nc3 Rd2+ 22. Kb1 e4 23. Bb4 Bg7 24. Kc1 e3 25. Nd1 Rxa2 26. Nxe3 f4 27. c5 fxe3 28. cxb6 axb6 29. g4 c5 0-1